| 000 | 00394nam a2200121Ia 4500 | ||
|---|---|---|---|
| 008 | 180305s9999 xx 000 0 und d | ||
| 020 | _a9781138658615 | ||
| 100 | _aSchwarz, Eric C. | ||
| 245 |
_cEric C. Schwarz, Hans Westerbeek, Dongfeng Liu, Paul Emer, Paul Turner _aManaging Sport Facilities and Major Events |
||
| 250 | _a2nd ed. | ||
| 260 |
_aUSA _bRoutledge _c2017 |
||
| 300 | _av, 306 Pages | ||
| 999 |
_c356038 _d356038 |
||